| 000 | 01629cam a2200325 4500 | ||
|---|---|---|---|
| 008 | 030331n2003 000 0 eng u | ||
| 020 | _a1851125922 | ||
| 035 | _a(Sirsi) u121823 | ||
| 050 |
_a333.332 _c18 |
||
| 110 |
_aUnited Kingdom _bOffice of the Deputy Prime Minister |
||
| 245 | _aValuing the external benefits of undeveloped land : a review of the economic literature | ||
| 260 |
_aLondon _bODPM _c2003 |
||
| 520 | _aThis research report sets out typologies for both undeveloped land and the external environmental benefits of each land type. It also discusses the economic theory used in the literature to value those benefits and presents common issues arising from interpretation and use of that literature. Finally the report analyses the results of the literature review and provides suggestions about addressing gaps in the literature. View at www.planning.odpm.gov.uk. | ||
| 650 | _aPROPERTY-RURAL AND NATURAL ASSETS-AGRICULTURAL PROPERTY-AGRICULTURAL LAND | ||
| 650 | _aAMENITY VALUE | ||
| 650 | _aAIR QUALITY | ||
| 650 | _aBROWNFIELD LAND | ||
| 650 | _aCULTURAL HERITAGE | ||
| 650 | _aENVIRONMENTAL VALUE | ||
| 650 | _aFORESTS | ||
| 650 | _aHERITAGE VALUES | ||
| 650 | _aHYDROLOGY | ||
| 650 | _aLANDSCAPE ISSUES | ||
| 650 | _aOPEN SPACES | ||
| 650 | _aPUBLIC OPEN SPACES | ||
| 650 | _aRECREATIONAL USE | ||
| 690 | _aPROPERTY-PROPERTY APPRAISAL AND VALUATION | ||
| 856 |
_uhttps://webarchive.nationalarchives.gov.uk/20050111222833/http:/www.odpm.gov.uk/stellent/groups/odpm_planning/documents/page/odpm_plan_606459.hcsp _zView the report on the National Archiveswebsite |
||
| 942 | _n0 | ||
| 999 |
_c102753 _d102753 |
||